000 00189nam a2200085 4500
001 1258063
005 20260226103328.0
245 _aÜÇ NASİHAT
_cÖMER SEYFETTİN
260 _bÇOCUK GEZEGENİ
999 _c1258063
_d1258063